000
00340 a2200157 4500
001
184973
020
_a
85-305-0133-0
040
_c
Magnum
100
_a
Barros, Sônia
240
1
0
_a
Um bichinho só pra mim
_l
por
245
1
0
_a
Um bichinho só pra mim
300
_a
23
362
0
_a
1997
697
_a
LITERATURA INFANTIL
942
_c
BK
999
_c
184973
_d
184973